Dios, mundo, hermano
Αποθηκεύτηκε σε:
| Κύριος συγγραφέας: | |
|---|---|
| Μορφή: | Βιβλίο |
| Γλώσσα: | Ισπανικά |
| Έκδοση: |
Salamanca
Sígueme
1973
|
| Έκδοση: | 1a. ed |
| Σειρά: | Pedal, 17
|
| Θέματα: | |
| Ετικέτες: |
Προσθήκη ετικέτας
Δεν υπάρχουν, Καταχωρήστε ετικέτα πρώτοι!
|
MARC
| LEADER | 00000cam a2200000 a 4500 | ||
|---|---|---|---|
| 001 | UCD2785 | ||
| 003 | CL-VaPUC | ||
| 008 | 160505e19730000sp |||||||||||||||||spa|d | ||
| 082 | 0 | 4 | |a 248.4 |b BOR |2 21 |
| 100 | 0 | |a Boros, Ladislaus |e author |9 586149 | |
| 245 | 1 | 0 | |a Dios, mundo, hermano |
| 250 | |a 1a. ed | ||
| 300 | |a 61 p | ||
| 942 | |c BK | ||
| 945 | |d 20160505 16:04:00 |a arojas | ||
| 260 | |a Salamanca |b Sígueme |c 1973 | ||
| 650 | 0 | |a Vida cristiana |9 258753 | |
| 650 | 0 | |a Cristianismo |9 257361 | |
| 583 | |a last modification |c 20160505 16:04:00 |k Rodrigo Vera | ||
| 490 | 0 | |a Pedal, 17 | |
| 999 | |c 363906 |d 363904 | ||
| 952 | |0 0 |1 0 |3 erb |4 0 |6 248_400000000000000_BOR_1973 |7 0 |8 A |9 476739 |a BIBTEO |b BIBTEO |e Villagrán Garnham, Jorge |i 530198K |o 248.4 BOR 1973 |p 530198K |r 2025-01-17 |w 2019-11-24 |y BK |z Catalogado en:20160505 |k ICR | ||